000 00582nam a2200241Ia 4500
003 OSt
005 20221005132843.0
006 a|||||r|||| 00| 0
007 ta
008 221004b |||||||| |||| 00| 0 eng d
024 _a34437
037 _cTextual
040 _aCRL
_cCRL
_beng
041 _2eng
_aeng
082 _aN55962xM53, H8
100 _aLeclerc Andre
_9627128
245 0 _aVan Gogh
260 _c1948
490 _aHyperion miniatures
650 _aARTS
942 _hN55962xM53, H8
_cTEXL
_2cc
999 _c1065031
_d1065031